000 00978 a2200217 4500
003 Nust
005 20220803120629.0
010 _a 98229027
020 _a075063992X
040 _cNust
082 0 0 _a621.314,GOT
100 1 _aGottlieb, Irving M.
_959891
245 1 0 _aPractical Transformer Handbook /
_cIrving M. Gottlieb.
260 _aOxford ;
_aBoston :
_bNewnes,
_c1998.
300 _avii, 173 p. :
_bill. ;
_c24 cm.
505 _aAn overview of Transformers in Electrical Technology (Page-1), Specialized Transformer Devices (Page-25), Operational Features of Transformers (Page-49), Interesting Applications of Transformers (Page-78), High-Voltage Transformers (Page-104), Miscellaneous Transformer topics (Page-119).
650 0 _aTelecommunication Engineering.
856 4 1 _3Publisher description
_uhttp://www.loc.gov/catdir/description/els033/98229027.html
856 4 1 _3Table of contents
_uhttp://www.loc.gov/catdir/toc/els033/98229027.html
942 _cREF
_2ddc
999 _c175533
_d175533